Dictionnaire : 500 mots commençant par A - Statistiques

Statistiques générales
  • Ce quiz a été pris 148 fois
  • Le résultat moyen est 40 sur 500
Statistiques - réponses
Indices Réponse % Correct
X À
100%
As As
61%
Ab Abri
53%
Am Âme
46%
Ab Abat
41%
Ar Arbre
40%
Am Amour
39%
Av Avoir
38%
Am Ami
37%
Al Aller
36%
Ag Âge
32%
Ab Abattre
30%
Aj Ajout
30%
Am Amer
30%
Av Avant
30%
Ax Axe
30%
Ar Argent
29%
At Attendre
29%
Ac Accès
28%
Ai Ail
28%
Aj Ajouter
28%
Av Avion
28%
Ab Abandon
27%
Ab Abeille
27%
Ab Abus
27%
Al Allié
27%
Ap Appeller
26%
Ab Abricot
25%
Ad Adoré
25%
Ar Art
25%
As Assis
25%
Ab Abriter
24%
Ab Absence
24%
Ai Aide
24%
Ac Acheter
23%
Am Amener
23%
Ar Arrêt
22%
Ab Absolu
21%
Af Affreux
21%
Av Avenir
21%
Av Avis
21%
Ac Acte
20%
Ac Action
20%
Ad Adorer
20%
Am Amant
20%
Ar Arrêté
20%
At Attirer
20%
Ab Abandonner
19%
Ab Abolir
19%
Ac Accrocher
19%
Ab Abruti
18%
Ac Accord
18%
Ag Agir
18%
Al Allumer
18%
Ar Artiste
18%
Av Avaler
18%
Ab Abaisser
17%
Ab Abattu
17%
Ai Aile
17%
Ai Air
17%
Am Amoureux
17%
Ap Apporter
17%
At Attention
17%
Ab Aberrant
16%
Ab Absolument
16%
Ac Accident
16%
Ac Acide
16%
Af Affiché
16%
Af Affiche
16%
Am Amande
16%
As Assez
16%
Ac Achat
15%
Ap Appartement
15%
Ar Armoire
15%
Ab Abreuvoir
14%
Ab Abuser
14%
Ac Accent
14%
Ac Accepter
14%
Af Africain
14%
Ag Agacer
14%
Al Aligner
14%
Al Aliment
14%
Al Allemand
14%
An Animé
14%
Ar Armure
14%
Ab Aboutir
13%
Ab Abrégé
13%
Ab Abreuver
13%
Ac Accéder
13%
Ag Agriculteur
13%
Ai Aimant
13%
Aj Ajusté
13%
Am Ambré
13%
Am Ambre
13%
An Animal
13%
Ab Abonné
12%
Ab Aborder
12%
Ac Accompagner
12%
Ac Acteur
12%
Af Afficher
12%
Af Afin
12%
Ag Agile
12%
Ap Appât
12%
At Attente
12%
Ab Abattoir
11%
Af Affamé
11%
Ag Agent
11%
Ai Aigle
11%
Al Allongé
11%
Am Américain
11%
Ap Applaudir
11%
Ar Arabe
11%
As Assisté
11%
Au Aurore
11%
Av Avocat
11%
Az Azur
11%
Ab Abolition
10%
Ab Abréger
10%
Ac Accentuer
10%
Ac Accessoire
10%
Ac Acquérir
10%
Ac Actionner
10%
Ad Adoration
10%
Af Affirmer
10%
Af Affolé
10%
Af Affoler
10%
Ag Agence
10%
Ag Agité
10%
Ag Agrandir
10%
Ag Agricole
10%
Aj Ajuster
10%
Al Alarme
10%
Al Alcool
10%
Al Alien
10%
Al Alliance
10%
Al Allonger
10%
Am Amertume
10%
An Anglais
10%
Ar Argile
10%
As Association
10%
As Associé
10%
Av Aviateur
10%
Av Aviron
10%
Az Azote
10%
Ac Académie
9%
Ad Adorable
9%
Af Affront
9%
Ah Ahuri
9%
Ai Aigre
9%
Aj Ajustement
9%
Al Alimenter
9%
Am Amadouer
9%
Am Amas
9%
Am Ambiance
9%
An Animer
9%
Aq Aqueux
9%
Ar Araignée
9%
As Associer
9%
At Attristé
9%
Av Aventure
9%
Av Avenue
9%
Av Avril
9%
Ab Abasourdi
8%
Ab Abdomen
8%
Ab Aberration
8%
Ab Abominable
8%
Ab Abondance
8%
Ab Abonnement
8%
Ac Acquis
8%
Ad Addict
8%
Ad Addiction
8%
Af Affamer
8%
Af Affligeant
8%
Ag Agilité
8%
Ai Aigri
8%
Al Album
8%
Am Amicale
8%
Am Amusé
8%
An Ancien
8%
Ap Appétit
8%
Ar Arbitre
8%
Ar Arranger
8%
Au Autiste
8%
Ab Abonner
7%
Ab Abrutir
7%
Ab Abstrait
7%
Ac Acacia
7%
Ac Activité
7%
Ad Adoucir
7%
Af Affirmation
7%
Ag Agriculture
7%
Al Alibi
7%
Al Allumette
7%
Al Alouette
7%
Al Altitude
7%
Am Ambulance
7%
Am Améliorer
7%
Am Amuser
7%
An Analyse
7%
Ar Armement
7%
As Assistant
7%
As Assister
7%
Au Auxiliaire
7%
Av Avalanche
7%
Av Avertissement
7%
Ab Abaissement
6%
Ab Abat-jour
6%
Ab Abject
6%
Ab Aborigène
6%
Ab Abréviation
6%
Ab Absurde
6%
Ac Accessible
6%
Ac Acclamer
6%
Ac Accoudoir
6%
Ac Accusé
6%
Ac Acheteur
6%
Ac Activer
6%
Ad Adieu
6%
Af Affiner
6%
Ag Agglomération
6%
Ag Agitation
6%
Ag Agression
6%
Ai Aiguille
6%
Ai Aimable
6%
Ai Aisance
6%
Al Alarmer
6%
Al Alcoolique
6%
Al Algue
6%
Al Allergie
6%
Am Amarrer
6%
Am Amulette
6%
An Anneau
6%
Ar Artistique
6%
As Ascenseur
6%
Au Australien
6%
Av Avarice
6%
Av Avéré
6%
Ab Abordage
5%
Ab Abstention
5%
Ac Acajou
5%
Ac Acclimater
5%
Ac Accordéon
5%
Ac Accouchement
5%
Ac Achever
5%
Ad Adéquat
5%
Ad Admiration
5%
Af Affilier
5%
Af Affûter
5%
Ag Agonie
5%
Ai Aîné
5%
Al Alphabet
5%
Am Amateur
5%
Am Ambition
5%
Am Ambulancier
5%
An Andouille
5%
An Anémone
5%
An Animation
5%
An Antenne
5%
Ap Apparemment
5%
Ap Applaudissement
5%
Ap Apprivoiser
5%
Aq Aquatique
5%
As Asiatique
5%
As Assassin
5%
As Assoiffé
5%
At Attentif
5%
Au Auteur
5%
Au Automne
5%
Av Avertir
5%
Av Avoine
5%
Av Avortement
5%
Av Avorter
5%
Ab Abdominal
4%
Ab Abondamment
4%
Ab Abricotier
4%
Ab Abysses
4%
Ac Acarien
4%
Ac Accélération
4%
Ac Acclamation
4%
Ac Accoucher
4%
Ac Acharné
4%
Ac Acompte
4%
Ac Acquisition
4%
Ac Acrylique
4%
Ac Actuellement
4%
Ad Additif
4%
Af Afghan
4%
Ag Agaçant
4%
Ag Agrume
4%
Ag Aguerri
4%
Ai Aimanter
4%
Al Albanais
4%
Al Allaiter
4%
Al Allusion
4%
Am Amabilité
4%
Am Amalgame
4%
Am Ambitieux
4%
Am Amélioration
4%
Am Amicalement
4%
Am Amusement
4%
An Anéanti
4%
An Anormal
4%
Ap Apaisé
4%
Ap Appareil
4%
Ap Apparence
4%
Ar Argentin
4%
Ar Arrivant
4%
As Assoiffer
4%
As Assumer
4%
At Atome
4%
At Attentionné
4%
At Attirance
4%
Au Aura
4%
Av Avantage
4%
Av Aventurier
4%
Av Aviation
4%
Ab Ablution
3%
Ab Aboiement
3%
Ab Abstraction
3%
Ab Abuseur
3%
Ab Abusif
3%
Ac Accessibilité
3%
Ac Accidentel
3%
Ac Accompagnement
3%
Ac Accomplir
3%
Ac Acrobate
3%
Ac Acuité
3%
Ad Adapté
3%
Ad Administrateur
3%
Ad Adosser
3%
Ad Adroit
3%
Af Affichage
3%
Af Affiliation
3%
Af Affréter
3%
Ag Agenda
3%
Ag Agenouiller
3%
Ag Agresser
3%
Ag Agressif
3%
Ag Aguerrir
3%
Ai Aigreur
3%
Al Alignement
3%
Al Alimentaire
3%
Al Allégresse
3%
Am Amiral
3%
Am Amortir
3%
An Anéantir
3%
An Animateur
3%
An Anomalie
3%
An Anticonstitutionnel
3%
Ap Apaiser
3%
Ap Apologie
3%
Ar Arbitrer
3%
Ar Aristocrate
3%
Ar Arrangement
3%
As Assaisonnement
3%
As Asséché
3%
As Assouvir
3%
At Atelier
3%
At Athlète
3%
At Athlétisme
3%
At Atrophié
3%
At Attentat
3%
Au Attractif
3%
Au Aussitôt
3%
Az Aztèque
3%
Ab Abasourdir
2%
Ab Abordable
2%
Ab Aboutissement
2%
Ac Accidentellement
2%
Ac Accompagnant
2%
Ac Accoupler
2%
Ac Accroupi
2%
Ac Acharnement
2%
Ac Acoustique
2%
Ac Acronyme
2%
Ad Adapter
2%
Ad Admirable
2%
Ad Adoucissant
2%
Ag Aggraver
2%
Al Albatros
2%
Al Alcoolisé
2%
Al Aléa
2%
Al Alias
2%
Al Allaitement
2%
Al Altruisme
2%
Am Amusant
2%
An Anciennement
2%
An Andouillette
2%
An Angolais
2%
An Anticonstitutionnellement
2%
Ar Arachnophobe
2%
Ar Aristocratie
2%
Ar Armenien
2%
Ar Armurerie
2%
Ar Armurier
2%
As Ascendant
2%
As Ascension
2%
As Assassinat
2%
As Assécher
2%
At Atout
2%
At Attelage
2%
At Attirail
2%
Au Automatique
2%
Au Automobiliste
2%
Av Aveugle
2%
Ab Abaissable
1%
Ab Abaissant
1%
Ab Abominablement
1%
Ab Aboutissant
1%
Ac Accélérateur
1%
Ac Accommoder
1%
Ac Accomplissement
1%
Ac Accouplement
1%
Ac Acolyte
1%
Ac Acquitter
1%
Ac Acrobatique
1%
Ac Actualiser
1%
Ac Acuponcture
1%
Ad Adaptateur
1%
Ad Adepte
1%
Ad Adhérent
1%
Ad Adhésif
1%
Ad Administration
1%
Ad Administrer
1%
Ad Admirateur
1%
Ad Adoucisseur
1%
Ag Agglutiner
1%
Ag Agrafer
1%
Ag Agrafeuse
1%
Ag Agrégation
1%
Ai Aïoli
1%
Ai Airbag
1%
Al Alchimiste
1%
Al Alentour
1%
Al Algorithme
1%
Al Allégation
1%
Al Allergique
1%
Al Alternatif
1%
Am Amiante
1%
Am Amovible
1%
An Analyste
1%
An Androgyne
1%
An Animosité
1%
An Anormalement
1%
An Antagoniste
1%
Ap Appauvrir
1%
Ap Appétissant
1%
Ap Approvisionner
1%
Ar Arachide
1%
Ar Arachnide
1%
Ar Arachnophobie
1%
Ar Arbitrage
1%
Ar Arpenter
1%
As Assassiner
1%
As Assourdissant
1%
At Athlétique
1%
At Atmosphère
1%
Au Augmentation
1%
Au Auréole
1%
Au Automatisme
1%
Av Avatar
1%
Av Aveugler
1%
Ab Abajoue
0%
Ab Abasourdissant
0%
Ab Abasourdissement
0%
Ab Abrègement
0%
Ab Abreuvant
0%
Ab Abréviatif
0%
Ab Absurdement
0%
Ac Acceptante
0%
Ac Accessoirement
0%
Ac Acétone
0%
Ac Acné
0%
Af Affinité
0%
Ag Aggravant
0%
Ag Agonisant
0%
Ai Aïkido
0%
Ai Aimablement
0%
Al Alcoolémie
0%
Al Altercation
0%
Al Altruiste
0%
Al Alzheimer
0%
Am Ambassade
0%
Am Ambassadeur
0%
Am Amortissement
0%
An Analogie
0%
An Anarchie
0%
An Androgynie
0%
An Antisémite
0%
An Antisémitisme
0%
An Antisocial
0%
Ap Approvisionnement
0%
Ar Arbritraire
0%
Ar Aristocratique
0%
As Assagie
0%
At Authentique
0%
Au Autocollant
0%
Au Autopsie
0%
Aucun quiz correspondant
Distribution des résultats
% des personnes avec chaque résultat
Percentile par nombre de réponses
Votre historique - résultats
Vous n’avez pas pris ce quiz